European Integration and External Financing of Firms A Firm-Level Investigation
Gespeichert in:
| 1. Verfasser: | |
|---|---|
| Weitere Verfasser: | , |
| Format: | Buch |
| Sprache: | Englisch |
| Veröffentlicht: |
Beau Bassin
LAP LAMBERT Academic Publishing
2015
|
| Ausgabe: | 1st Edition |
| Schlagworte: | |
| Tags: |
Keine Tags, Fügen Sie das erste Tag hinzu!
|
MARC
| LEADER | 00000nam a2200000 4500 | ||
|---|---|---|---|
| 001 | 0303474 | ||
| 005 | 20240809091621.7 | ||
| 020 | |a 978-3-659-75621-4 | ||
| 041 | 0 | |a eng | |
| 044 | |a MU | ||
| 245 | 1 | 0 | |a European Integration and External Financing of Firms |b A Firm-Level Investigation |c Peter Tóth, Karin Jõeveer, Petr Zemčík |
| 250 | |a 1st Edition | ||
| 264 | 1 | |a Beau Bassin |b LAP LAMBERT Academic Publishing |c 2015 | |
| 300 | |a 61 s. [3,05 AH] | ||
| 610 | 2 | 0 | |a integrácia |
| 610 | 2 | 0 | |a integrácia ekonomická |
| 610 | 2 | 0 | |a financovanie podnikov |
| 610 | 2 | 0 | |a zdroje finančné cudzie |
| 610 | 2 | 0 | |a investovanie |
| 610 | 2 | 0 | |a dlhy |
| 610 | 2 | 0 | |a Európska únia |
| 100 | 1 | |a Tóth, Peter, 1978- | |
| 700 | 1 | |a Jõeveer, Karin | |
| 700 | 1 | |a Zemčík, Petr | |